UBT Library

LABOR ECONOMICS AND LABOR RELATIONS (Record no. 34314)

000 -LEADER
fixed length control field 00309nam a22001337a 4500
008 - FIXED-LENGTH DATA ELEMENTS--GENERAL INFORMATION
fixed length control field 171017b xxu||||| |||| 00| 0 eng d
020 ## - INTERNATIONAL STANDARD BOOK NUMBER
International Standard Book Number 0135176999
041 ## - LANGUAGE CODE
Language code of text/sound track or separate title eng
080 ## - UNIVERSAL DECIMAL CLASSIFICATION NUMBER
Edition identifier 9TH
Universal Decimal Classification number 33
100 ## - Rafti
Rafti 52
101 ## - Shkurtesa
Shkurtesa EKO
245 ## - TITLE STATEMENT
Title LABOR ECONOMICS AND LABOR RELATIONS
Statement of responsibility, etc REYNOLDS,LL.G
942 ## - ADDED ENTRY ELEMENTS (KOHA)
Source of classification or shelving scheme
Item type Books
Holdings
Withdrawn status Lost status Source of classification or shelving scheme Damaged status Not for loan Collection code Permanent location Current location Shelving location Date acquired Total Checkouts Full call number Barcode Date last seen Price effective from Koha item type
          Koleksioni i përgjithshem UBT - Lipjan UBT - Lipjan Koleksioni i përgjithshem 10/17/2017   33REY 002-2931519 10/17/2017 10/17/2017 Books
UBT Library © 2015-2024. All rights reserved University Education for Business and Technology